The moonstone

I tiakina i:
Ngā taipitopito rārangi puna kōrero
Kaituhi matua: Collins, Wilkie (Author)
Hōputu: Pukapuka
Reo:Ingarihi
I whakaputaina: Londres Wordsworth Editions 1993
Putanga:1a. ed
Rangatū:Wordsworth Classics
Ngā marau:
Ngā Tūtohu: Tāpirihia he Tūtohu
Kāore He Tūtohu, Me noho koe te mea tuatahi ki te tūtohu i tēnei pūkete!

MARC

LEADER 00000cam a2200000 a 4500
001 UCF5255
003 CL-VaPUC
008 130307e19930000UK |||||||||||||||||eng|d
020 |a 1853260444 
082 0 4 |a 823  |b COL  |2 21 
100 0 |a Collins, Wilkie  |e author  |9 567052 
245 1 4 |a The moonstone 
250 |a 1a. ed 
300 |a 448 p 
942 |c BK 
945 |d 20130307 00:00:00  |a cmena 
260 |a Londres  |b Wordsworth Editions  |c 1993 
650 0 |a Novelas inglesas  |9 265220 
650 7 |a NOVELAS DETECTIVESCAS  |2 CL-VaPUC  |9 487649 
650 0 |a Literatura inglesa  |9 312907 
583 |a last modification  |c 20130307 11:37:00  |k Rodrigo Vera 
490 0 |a Wordsworth Classics 
999 |c 350813  |d 350811 
952 |0 0  |1 0  |4 0  |6 823_000000000000000_COL_1993  |7 0  |8 A  |9 454546  |a BIBEDU  |b BIBEDU  |d 2019-11-22  |i 4935276  |o 823 COL 1993  |p 4935276  |r 2019-11-22  |w 2019-11-22  |y BK  |k CIT